[Event "Challenge"]
[Site "http://www.queenalice.com/game.php?id=1619881"]
[Date "2020.7.10"]
[Round "-"]
[White "gruppodilavoro"]
[Black "naugard47"]
[Result "1-0"]
[WhiteElo "1944"]
[BlackElo "1759"]

1. e4 e5 2. Nf3 Nc6 3. Bc4 Nf6 4. d3 h6 5. Nc3 Bb4 6. Bd2 O-O 7. O-O a6 8. a3
Bc5 9. Nd5 b5 10. Nxf6+ Qxf6 11. Bd5 Rb8 12. Ba5 Nxa5 13. b4 c6 14. bxc5 cxd5
15. Qd2 dxe4 16. dxe4 Nc6 17. h3 Ne7 18. Rad1 Ng6 19. Qb4 Qe7 20. Rd6 Rb7 21.
Rxa6 Rb8 22. Rd6 Qe8 23. c4 Ba6 24. Rxa6 bxc4 25. Qxc4 Ra8 26. Rxg6 Kh7 27. Rd6
Qe7 28. Qd5 Ra7 29. Nxe5 f6 30. Rxd7 Rxd7 31. Nxd7 Rd8 32. c6 Qe8 33. Rb1 1-0

[Event "Challenge"]
[Site "http://www.queenalice.com/game.php?id=1621202"]
[Date "2020.7.22"]
[Round "-"]
[White "gruppodilavoro"]
[Black "elisa"]
[Result "1-0"]
[WhiteElo "1949"]
[BlackElo "1915"]

1. Nf3 d6 2. e4 Bg4 3. d4 e6 4. Nc3 Nf6 5. Bg5 Be7 6. Bxf6 Bxf6 7. e5 dxe5 8.
dxe5 Qxd1+ 9. Rxd1 Be7 10. Nb5 O-O 11. Nxc7 Nc6 12. Nxa8 Rxa8 13. Rd7 Rb8 14.
Be2 Bb4+ 15. c3 Bc5 16. O-O Kf8 17. Re1 Ke8 18. Red1 h5 19. h3 Bf5 20. Ng5 Nxe5
21. Bb5 Nxd7 22. Bxd7+ Ke7 23. b4 Bb6 24. Bb5 Kf6 25. h4 a6 26. Bd3 Bg4 27. Ne4+
Ke5 28. Re1 Rd8 29. Ng5+ Kf6 30. Ne4+ Ke7 31. Be2 f5 32. Bxg4 fxg4 33. Kf1 Rf8
34. g3 Rf5 35. a4 g6 36. a5 Ba7 37. Re2 Bb8 38. Rd2 Ba7 39. Ke2 Re5 40. Kd3 Kd7
41. c4 Kc6 42. Rc2 Kd7 43. Rb2 Rf5 44. Rd2 Kc6 45. Kc2 Bb8 46. Rd8 Be5 47. Rg8
Bd4 48. Rxg6 Bxf2 49. Rxe6+ Kd7 50. Rd6+ Ke7 51. Rh6 Rf3 52. Rh7+ Ke6 53. Ng5+
Kf5 54. Nxf3 gxf3 55. Kd3 Bxg3 56. b5 Kf4 57. Rxb7 f2 58. Rf7+ Kg4 59. bxa6 Kxh4
60. a7 Kh3 61. a8=Q Kh2 62. a6 h4 63. a7 Kg1 64. Qf3 1-0

[Event "Challenge"]
[Site "http://www.queenalice.com/game.php?id=1621203"]
[Date "2020.7.22"]
[Round "-"]
[White "elisa"]
[Black "gruppodilavoro"]
[Result "1-0"]
[WhiteElo "1909"]
[BlackElo "1967"]

1. e4 c5 2. Nc3 Nc6 3. Bc4 Nf6 4. d3 e5 5. Nf3 h6 6. Be3 Be7 7. O-O O-O 8. Nd5
Nxd5 9. Bxd5 Nb4 10. Nxe5 Nxd5 11. exd5 Bd6 12. Nc4 Qc7 13. Nxd6 Qxd6 14. c4 a6
15. Re1 b5 16. Qf3 Bb7 17. Bf4 Qb6 18. Qe4 bxc4 19. dxc4 Qd8 20. Qe7 a5 21. Qxc5
Rc8 22. Qa7 g5 23. Bd6 Bxd5 24. Bxf8 Kxf8 25. cxd5 d6 26. Qd4 Kg8 27. Rac1 Rxc1
28. Rxc1 Qe7 29. Rc8+ 1-0

[Event "Challenge"]
[Site "http://www.queenalice.com/game.php?id=1628115"]
[Date "2020.9.26"]
[Round "-"]
[White "elisa"]
[Black "gruppodilavoro"]
[Result "1-0"]
[WhiteElo "1928"]
[BlackElo "1945"]

1. e4 g6 2. d3 Bg7 3. Nf3 d6 4. Nc3 e6 5. d4 a6 6. Bc4 Ne7 7. O-O Nd7 8. a4 b6
9. Bg5 Bf6 10. Bxf6 Nxf6 11. e5 dxe5 12. Nxe5 O-O 13. Qf3 Bd7 14. Qxf6 Nf5 15.
Qxd8 Rfxd8 16. Rad1 Nd6 17. Bd3 Bc8 18. Nc6 Re8 19. a5 Bb7 20. Ne5 bxa5 21. Ra1
f6 22. Nd7 Kg7 23. Rxa5 Rad8 24. Nc5 Nf7 25. Nxb7 Rxd4 26. Rxa6 Rb4 27. Nc5 Rxb2
28. Nxe6+ Kh8 29. Nxc7 Rc8 30. N3d5 Ne5 31. Rxf6 Nxd3 32. cxd3 Kg7 33. Ne6+ Kh6
34. Rf3 g5 35. Rf6+ 1-0

[Event "Challenge"]
[Site "http://www.queenalice.com/game.php?id=1628116"]
[Date "2020.9.26"]
[Round "-"]
[White "gruppodilavoro"]
[Black "elisa"]
[Result "0-1"]
[WhiteElo "1964"]
[BlackElo "1892"]

1. e4 e5 2. Nf3 Nc6 3. Bc4 Bc5 4. Bxf7+ Kxf7 5. Nxe5+ Nxe5 6. Qh5+ Kf8 7. Qxe5
d6 8. Qd5 Nf6 9. Qg5 h6 10. Qh4 g5 11. Qg3 Nxe4 12. Qf3+ Nf6 13. O-O Kg7 14. Re1
Re8 15. Rxe8 Qxe8 16. Kf1 Bg4 17. Qxf6+ Kxf6 0-1

[Event "Challenge"]
[Site "http://www.queenalice.com/game.php?id=1631061"]
[Date "2020.10.27"]
[Round "-"]
[White "gruppodilavoro"]
[Black "elisa"]
[Result "1-0"]
[WhiteElo "1928"]
[BlackElo "1945"]

1. Nf3 Nf6 2. Nc3 Nc6 3. d4 e6 4. e4 d5 5. e5 Ne4 6. Bd3 Bb4 7. Bd2 Nxd2 8. Qxd2
O-O 9. a3 Be7 10. h4 f6 11. O-O-O f5 12. Qf4 Kh8 13. Ne2 b6 14. g4 a5 15. Qg3
fxg4 16. Qxg4 Qe8 17. Ng5 h6 18. Nf4 hxg5 19. hxg5+ Kg8 20. Rh8+ Kf7 21. Bg6#
1-0

[Event "Challenge"]
[Site "http://www.queenalice.com/game.php?id=1631062"]
[Date "2020.10.27"]
[Round "-"]
[White "elisa"]
[Black "gruppodilavoro"]
[Result "0-1"]
[WhiteElo "1954"]
[BlackElo "1945"]

1. e4 g6 2. Nf3 Bg7 3. Nc3 e6 4. d4 a6 5. Bg5 Ne7 6. Bd3 d6 7. O-O Nd7 8. Qd2 h6
9. Bf4 b6 10. Be2 Bb7 11. a4 Nf6 12. Qd3 O-O 13. h3 a5 14. Rfd1 Re8 15. Bh2 d5
16. e5 Ne4 17. Nd2 Ba6 18. Nb5 Nxf2 19. Kxf2 c6 20. Bf4 Qd7 21. Kg1 cxb5 22.
axb5 Bb7 23. Rf1 Rec8 24. Nb3 Nf5 25. g4 Nh4 26. Qd2 a4 27. Nc1 g5 28. Bg3 Ng6
29. Bd3 Ra5 30. Na2 a3 31. bxa3 Rxa3 32. Nb4 Rxa1 33. Rxa1 Bf8 34. Kg2 Be7 35.
Na6 Qe8 36. c3 Qd7 37. Rf1 Qe8 38. Qc2 Kh8 39. Kh2 Kg8 40. Kh1 Kh7 41. Qd2 Kg7
42. Nb4 Kg8 43. Kg2 Bxb4 44. cxb4 Rc7 45. Ra1 Rc4 46. Bxc4 dxc4+ 47. Kh2 Qxb5
48. Rf1 c3 49. Qc1 Qxb4 50. Qe3 Qb2+ 51. Rf2 Qa1 52. Rg2 Bxg2 53. Kxg2 c2 54. d5
Qb2 0-1

[Event "Challenge"]
[Site "http://www.queenalice.com/game.php?id=1636298"]
[Date "2020.12.13"]
[Round "-"]
[White "elisa"]
[Black "gruppodilavoro"]
[Result "0-1"]
[WhiteElo "2006"]
[BlackElo "1961"]

1. e4 g6 2. Nf3 Bg7 3. Nc3 d6 4. d4 e6 5. Bf4 a6 6. Be2 Nd7 7. e5 Ne7 8. exd6
cxd6 9. Bxd6 Bf6 10. O-O Nf5 11. Bb4 Be7 12. Bxe7 Qxe7 13. Bd3 Nh4 14. Ne5 Nxe5
15. dxe5 Bd7 16. Be4 Rd8 17. Bxb7 Bb5 18. Qg4 Bxf1 19. Bc6+ Kf8 20. Kxf1 Kg7 21.
Be4 Rd4 22. Ne2 Rb4 23. Rb1 Rd8 24. Nc3 Nf5 25. a3 Rc4 26. Ne2 Qc7 27. Bd3 Rxg4
28. h3 Rg5 0-1

[Event "Challenge"]
[Site "http://www.queenalice.com/game.php?id=1636299"]
[Date "2020.12.13"]
[Round "-"]
[White "gruppodilavoro"]
[Black "elisa"]
[Result "1-0"]
[WhiteElo "1979"]
[BlackElo "1994"]

1. e4 e5 2. f4 Bc5 3. Nf3 d6 4. Bb5+ c6 5. Ba4 Nf6 6. d4 exd4 7. Nxd4 Qa5+ 8.
Nc3 Bb4 9. Bd2 Bg4 10. Qc1 Bxc3 11. Bxc6+ Nxc6 12. Bxc3 Qc5 13. Nxc6 Qxc6 14.
Bxf6 gxf6 15. O-O O-O-O 16. Qe3 Rhg8 17. Rf2 Rde8 18. Qxa7 Qxe4 19. Qa8+ Kd7 20.
Qa3 Qd4 21. Qb3 d5 22. Qxb7+ Ke6 23. Qc6+ Kf5 24. Qd7+ Re6 25. Qxf7 Rg6 26. Qxh7
Re2 27. Rf1 Qe3 28. a4 Rxf2 29. Rxf2 Qc1+ 30. Rf1 Qxc2 31. h3 Be2 32. g4+ Bxg4
33. hxg4+ 1-0

[Event "Challenge"]
[Site "http://www.queenalice.com/game.php?id=1643963"]
[Date "2021.2.17"]
[Round "-"]
[White "elisa"]
[Black "gruppodilavoro"]
[Result "1-0"]
[WhiteElo "1997"]
[BlackElo "1996"]

1. e4 e5 2. Nf3 Nc6 3. d3 Nf6 4. Nc3 Bb4 5. a3 Bxc3+ 6. bxc3 d5 7. exd5 Nxd5 8.
c4 Nf6 9. Be2 O-O 10. O-O Re8 11. h3 Nd4 12. Bb2 Nxf3+ 13. Bxf3 e4 14. dxe4 Qxd1
15. Rfxd1 Be6 16. e5 Nd7 17. Bxb7 Rab8 18. Bc6 Rbd8 19. Bd4 a5 20. Bc3 Bxc4 21.
Bxd7 Re7 22. Rab1 h6 23. Bc6 Rxd1+ 24. Rxd1 Re6 25. Rd8+ Kh7 26. Be4+ g6 27. Rc8
f5 28. Rxc7+ Kh8 29. Bf3 a4 30. Rxc4 1-0

[Event "Challenge"]
[Site "http://www.queenalice.com/game.php?id=1643964"]
[Date "2021.2.17"]
[Round "-"]
[White "gruppodilavoro"]
[Black "elisa"]
[Result "0-1"]
[WhiteElo "1980"]
[BlackElo "2013"]

1. Nf3 d6 2. d4 Nf6 3. Nc3 Nc6 4. e4 e5 5. Bb5 Bd7 6. d5 Nb4 7. Bxd7+ Qxd7 8.
O-O Be7 9. Bg5 O-O 10. a3 Na6 11. Nh4 Ng4 12. Bxe7 Rfe8 13. Nf5 h5 14. Qf3 g6
15. Nh6+ Nxh6 16. Qf6 Ng4 17. Qg5 Qxe7 18. Qxe7 Rxe7 19. b4 Kg7 20. h3 Nf6 21.
Rae1 c6 22. b5 Nc5 23. a4 cxd5 24. exd5 Rc8 25. f4 Ncd7 26. Re3 Nb6 27. fxe5
Nfxd5 28. Ref3 Nxc3 29. exd6 Rd7 30. a5 Nbd5 31. g4 Ne2+ 0-1

[Event "Challenge"]
[Site "http://www.queenalice.com/game.php?id=1646741"]
[Date "2021.3.15"]
[Round "-"]
[White "gruppodilavoro"]
[Black "elisa"]
[Result "0-1"]
[WhiteElo "1965"]
[BlackElo "2017"]

1. Nf3 d6 2. e4 Nf6 3. Nc3 g6 4. d4 Bg7 5. Bc4 O-O 6. O-O Nc6 7. Bg5 Be6 8. d5
h6 9. dxe6 hxg5 10. exf7+ Kh8 11. Nxg5 Ne5 12. Ne6 Qd7 13. Nxf8 Rxf8 14. f4 Nxc4
15. Rf3 Rxf7 16. Qe2 b5 17. Rh3+ Kg8 18. Rf1 c6 19. b3 Nh5 20. Rxh5 gxh5 21.
bxc4 Bxc3 22. Qd3 b4 23. f5 c5 0-1

[Event "Challenge"]
[Site "http://www.queenalice.com/game.php?id=1646742"]
[Date "2021.3.15"]
[Round "-"]
[White "elisa"]
[Black "gruppodilavoro"]
[Result "1-0"]
[WhiteElo "2031"]
[BlackElo "1951"]

1. e4 g6 2. Nc3 Bg7 3. Nf3 e6 4. Bc4 d6 5. d3 Ne7 6. O-O a6 7. a4 b6 8. d4 Nd7
9. Bf4 Bb7 10. Qd2 h6 11. d5 exd5 12. exd5 b5 13. axb5 axb5 14. Bxb5 c6 15. Bxc6
Bxc6 16. dxc6 Ne5 17. Rad1 Nc4 18. Qe2 O-O 19. Qxc4 Qc7 20. Rxd6 Rfd8 21. Rf6
Qc8 22. Qxf7+ 1-0

[Event "Challenge"]
[Site "http://www.queenalice.com/game.php?id=1758412"]
[Date "2021.5.3"]
[Round "-"]
[White "elisa"]
[Black "gruppodilavoro"]
[Result "1-0"]
[WhiteElo "2032"]
[BlackElo "1938"]

1. e4 c5 2. Nf3 Nc6 3. Bc4 e5 4. Nc3 Nd4 5. Nxe5 Qg5 6. Nxf7 Qxg2 7. Rf1 Nb5 8.
Nxb5 Qxe4+ 9. Qe2 Qxe2+ 10. Kxe2 a6 11. Nc7+ 1-0

[Event "Challenge"]
[Site "http://www.queenalice.com/game.php?id=1758413"]
[Date "2021.5.3"]
[Round "-"]
[White "gruppodilavoro"]
[Black "elisa"]
[Result "1-0"]
[WhiteElo "1926"]
[BlackElo "2068"]

1. Nf3 Nf6 2. d3 d5 3. Nc3 e6 4. Bg5 Be7 5. e4 c6 6. Bxf6 Bxf6 7. e5 Be7 8. d4
Bd7 9. Bd3 O-O 10. O-O c5 11. Bb5 Nc6 12. a3 Nxd4 13. Bxd7 Nxf3+ 14. gxf3 Qxd7
15. f4 f6 16. Qg4 d4 17. Rad1 Qc6 18. Ne2 Rad8 19. b3 Qe4 20. c4 f5 21. Ng3 Qxe5
22. Rfe1 Qc7 23. Qh3 Rf6 24. Nh5 Rg6+ 25. Kh1 Qc6+ 26. f3 Rh6 27. Re5 Qb6 28.
Rd3 Qa5 29. b4 Qc7 30. Rd1 g6 31. Nf6+ Kg7 32. Qg3 Bxf6 33. Rxc5 Qb8 34. Ra5 d3
35. Re5 Bxe5 36. fxe5 Rd4 37. c5 f4 38. Qg5 Qc7 39. Qf6+ Kg8 40. Qxe6+ Kf8 41.
Rd2 Qe7 42. Qg4 Qxe5 43. Qg1 Rc4 44. c6 bxc6 45. Qd1 Qe3 46. b5 Qc5 47. b6 axb6
48. Rxd3 Qf2 49. Rd8+ Kf7 50. Qd7+ Kf6 51. Rf8+ Ke5 52. Re8+ 1-0

[Event "Challenge"]
[Site "http://www.queenalice.com/game.php?id=1761763"]
[Date "2021.6.9"]
[Round "-"]
[White "gruppodilavoro"]
[Black "elisa"]
[Result "1-0"]
[WhiteElo "1935"]
[BlackElo "2063"]

1. Nf3 g6 2. e4 Nf6 3. Nc3 Bg7 4. d4 Nc6 5. Bc4 d6 6. O-O O-O 7. Be3 h6 8. d5
Ne5 9. Nxe5 dxe5 10. Nb5 Nxe4 11. f3 Nd6 12. Nxd6 Qxd6 13. c3 h5 14. b4 h4 15.
h3 Bf5 16. Bc5 Qd7 17. Qb3 b6 18. Be3 a6 19. a4 Rfd8 20. Rfd1 e4 21. d6 exd6 22.
Bd5 exf3 23. Bxa8 Rxa8 24. b5 Re8 25. c4 Bxa1 26. Rxa1 Bxh3 27. Bh6 Qg4 28. Qb2
f5 29. Qg7# 1-0

[Event "Challenge"]
[Site "http://www.queenalice.com/game.php?id=1761764"]
[Date "2021.6.9"]
[Round "-"]
[White "elisa"]
[Black "gruppodilavoro"]
[Result "1-0"]
[WhiteElo "2034"]
[BlackElo "1948"]

1. e4 g6 2. Nf3 Bg7 3. Bc4 e6 4. Nc3 Ne7 5. d4 d6 6. Bf4 Nd7 7. O-O b6 8. Qd2 h6
9. h4 Bb7 10. Rfe1 a6 11. a4 Bc6 12. d5 exd5 13. Bxd5 Nf6 14. a5 b5 15. Nd4 Bxd5
16. exd5 b4 17. Ne4 c5 18. Nxd6+ Kf8 19. Nc6 Nxc6 20. dxc6 Ng4 21. Re8+ Qxe8 22.
Nxe8 Rxe8 23. Qd6+ 1-0

[Event "Challenge"]
[Site "http://www.queenalice.com/game.php?id=1769773"]
[Date "2021.9.13"]
[Round "-"]
[White "elisa"]
[Black "gruppodilavoro"]
[Result "0-1"]
[WhiteElo "2046"]
[BlackElo "1956"]

1. e4 g6 2. Nc3 Bg7 3. Nf3 e6 4. d4 Ne7 5. Bf4 a6 6. d5 b6 7. Bc4 Bxc3+ 8. bxc3
d6 9. Bh6 Bb7 10. Bg7 Rg8 11. Bd4 c5 12. Bf6 Nd7 13. Bg5 b5 14. dxe6 Ne5 15.
Nxe5 bxc4 16. Nxc4 d5 17. Ne5 Qd6 18. Qb1 O-O-O 19. Nxf7 Qxe6 20. Nxd8 Rxd8 21.
O-O Qxe4 22. Qb6 d4 23. Rab1 Qxg2# 0-1

[Event "Challenge"]
[Site "http://www.queenalice.com/game.php?id=1769774"]
[Date "2021.9.13"]
[Round "-"]
[White "gruppodilavoro"]
[Black "elisa"]
[Result "1-0"]
[WhiteElo "1976"]
[BlackElo "2041"]

1. Nf3 Nc6 2. e4 Nf6 3. Nc3 e5 4. Bc4 Bc5 5. O-O O-O 6. Nb5 Nxe4 7. d3 Nf6 8.
Be3 d6 9. Bxc5 dxc5 10. Qe2 Qe7 11. Ng5 h6 12. Ne4 Nd4 13. Nxd4 cxd4 14. Nxf6+
Qxf6 15. Bd5 c6 16. Be4 Qg5 17. g3 Bg4 18. Bf3 f5 19. Bxg4 fxg4 20. Rae1 Rae8
21. h4 gxh3 22. g4 Qh4 23. f3 Qg3+ 24. Kh1 Rf6 25. Qh2 Rxf3 26. Qxg3 Rxg3 27.
Kh2 Rxg4 28. Kxh3 h5 29. Rf2 Rf8 30. Rxf8+ Kxf8 31. Rxe5 g6 32. b4 Kf7 33. a4
Rf4 34. Kg3 Rg4+ 35. Kh3 Kf6 36. Re1 Kf5 37. Re7 b6 38. Rxa7 Kf4 39. Rf7+ Ke3
40. Rf6 g5 41. Rxc6 Kf2 42. Rf6+ Kg1 43. Rf3 Rh4+ 44. Kg3 Rh2 45. Rf1+ Kxf1 46.
Kxh2 Ke2 47. Kg3 h4+ 48. Kg4 Kd2 49. a5 bxa5 50. bxa5 Kxc2 51. a6 Kxd3 52. a7
1-0

[Event "Challenge"]
[Site "http://www.queenalice.com/game.php?id=1775145"]
[Date "2021.11.19"]
[Round "-"]
[White "gruppodilavoro"]
[Black "elisa"]
[Result "1-0"]
[WhiteElo "1965"]
[BlackElo "2022"]

1. Nf3 d6 2. d4 Nf6 3. Nc3 Bf5 4. Bg5 d5 5. e3 Ne4 6. Bh4 Nd7 7. Nxd5 c6 8. Nf4
g6 9. Bc4 e6 10. Bxd8 Rxd8 11. O-O Bg7 12. Qe2 Nd6 13. Bd3 O-O 14. Bxf5 Nxf5 15.
Rad1 Nd6 16. c3 Nf6 17. Nd2 Nde4 18. Nxe4 Nxe4 19. f3 Nd6 20. Qc2 Nc4 21. Qb3
Nxe3 22. Nxe6 Rd7 23. Nxf8 Bxf8 24. Rfe1 Nxd1 25. Qxd1 Kg7 26. Qe2 Re7 27. Qd2
Re6 28. Rxe6 fxe6 29. Qe3 Bd6 30. d5 exd5 31. Qxa7 Kf6 32. Qxb7 Ke5 33. a4 h5
34. a5 Bc5+ 35. Kf1 1-0

[Event "Challenge"]
[Site "http://www.queenalice.com/game.php?id=1775146"]
[Date "2021.11.19"]
[Round "-"]
[White "elisa"]
[Black "gruppodilavoro"]
[Result "1-0"]
[WhiteElo "2004"]
[BlackElo "1983"]

1. e4 g6 2. Bc4 e6 3. Nf3 Bg7 4. d3 Ne7 5. Nc3 a6 6. O-O d6 7. d4 Nd7 8. Bf4 b6
9. Re1 Bb7 10. a4 Bc6 11. d5 Bxc3 12. bxc3 O-O 13. dxc6 Nb8 14. Nd4 Nbxc6 15.
Qd2 Re8 16. Bg5 Ne5 17. Be2 c5 18. Bxe7 Qxe7 19. Nf3 Rad8 20. Bxa6 Nxf3+ 21.
gxf3 Kg7 22. Bb5 Rf8 23. Reb1 f5 24. Be2 fxe4 25. fxe4 Rf7 26. Rxb6 Qa7 27. Rxd6
Rxd6 28. Qxd6 Qe7 29. Qxe7 Rxe7 30. a5 Ra7 31. a6 Kf6 32. Ra5 Ke5 33. Rxc5+ Kxe4
34. Rc6 Kd5 35. Bf3+ Ke5 36. c4 h5 37. c5 Kf4 38. Bg2 Ke5 39. c4 g5 40. Rb6 g4
41. Bb7 h4 42. Kg2 Kd4 43. c6 1-0

[Event "Challenge"]
[Site "http://www.queenalice.com/game.php?id=1780952"]
[Date "2022.1.20"]
[Round "-"]
[White "gruppodilavoro"]
[Black "elisa"]
[Result "0-1"]
[WhiteElo "1960"]
[BlackElo "2019"]

1. Nf3 d6 2. e4 Nf6 3. Nc3 Nc6 4. d4 g6 5. Bb5 Bd7 6. e5 dxe5 7. Nxe5 Bg7 8.
Nxc6 bxc6 9. Bc4 Be6 10. Bxe6 fxe6 11. O-O O-O 12. Re1 Qd7 13. Be3 Rab8 14. Qd2
Rxb2 15. Na4 Ne4 16. Qe2 Rb4 17. Qd3 Rxa4 18. Qxe4 c5 19. c3 cxd4 20. Red1 dxe3
21. Qxe3 Rxa2 22. Qe1 Rxa1 23. Rxa1 h5 24. Rd1 Bxc3 25. Qe2 Bd4 26. Rf1 a5 27.
Kh1 Rxf2 0-1

[Event "Challenge"]
[Site "http://www.queenalice.com/game.php?id=1781707"]
[Date "2022.1.29"]
[Round "-"]
[White "elisa"]
[Black "gruppodilavoro"]
[Result "1-0"]
[WhiteElo "2033"]
[BlackElo "1946"]

1. e4 c5 2. Nf3 Nc6 3. Nc3 e5 4. Bc4 Nf6 5. O-O d6 6. d3 Bg4 7. h3 Bxf3 8. Qxf3
Be7 9. Be3 O-O 10. Nd5 Nd4 11. Qd1 Nxd5 12. Bxd5 Rb8 13. c3 Qb6 14. cxd4 cxd4
15. Bc1 Rfc8 16. Qh5 g6 17. Qg4 Kg7 18. f4 h5 19. Qg3 Qd8 20. fxe5 Qc7 21. Rxf7+
1-0

[Event "Challenge"]
[Site "http://www.queenalice.com/game.php?id=1784265"]
[Date "2022.3.7"]
[Round "-"]
[White "gruppodilavoro"]
[Black "elisa"]
[Result "0-1"]
[WhiteElo "1933"]
[BlackElo "2046"]

1. Nf3 Nf6 2. d4 g6 3. c4 c5 4. d5 d6 5. Nc3 Bg7 6. e4 O-O 7. Bf4 Qb6 8. Qc2 e5
9. dxe6 Bxe6 10. O-O-O Nbd7 11. Bxd6 Rfe8 12. Ng5 Qa6 13. Na4 Bh6 14. f4 Bg4 15.
Rd2 Bxg5 16. fxg5 Nxe4 17. Rd5 Nxd6 18. h3 Re1+ 0-1

[Event "Challenge"]
[Site "http://www.queenalice.com/game.php?id=1784266"]
[Date "2022.3.7"]
[Round "-"]
[White "elisa"]
[Black "gruppodilavoro"]
[Result "1-0"]
[WhiteElo "2069"]
[BlackElo "1922"]

1. d4 Nf6 2. Nf3 e6 3. Nc3 Bb4 4. Bd2 O-O 5. e3 d5 6. Bd3 c5 7. Ne5 Nc6 8. a3
Bxc3 9. Bxc3 Re8 10. O-O Nxe5 11. dxe5 Nd7 12. Qd2 f6 13. exf6 Nxf6 14. Rae1 b6
15. Be5 Ng4 16. Bg3 Qg5 17. Bf4 Qf6 18. e4 e5 19. exd5 Bf5 20. Bb5 Nxh2 21. Bxh2
e4 22. Bxe8 1-0